CFB Champions - Statistics

General Stats
  • This quiz has been taken 304 times
  • The average score is 18 of 25
Answer Stats
Question Answer % Correct
2022
84%
2001
82%
1999
79%
2000
79%
2010
79%
2014
79%
2004(vacated)
78%
2019
78%
2020
78%
2008
75%
2009
75%
2011
75%
2006
74%
2012
74%
2017
72%
2005
69%
2021
69%
2015
66%
1998
65%
2003
65%
2002
62%
2013
62%
2016
60%
2018
59%
2007
46%
No matching quizzes found
Score Distribution
Percent of People with Each Score
Percentile by Number Answered
Your Score History
You have not taken this quiz